Statistics for ​the remedy for a broken heart... - XXXTENTACION - All Lyrics

Click here to take the quiz!

General Stats

  • This quiz has been taken 35 times
  • The average score is 313 of 423

Answer Stats

Answer% Correct
a
96%
I
96%
I,
96%
why
96%
Why
96%
so
88%
am
84%
bit
84%
little
84%
of
84%
we
84%
We
84%
be
80%
gon'
80%
in
80%
love?
80%
love
80%
that
80%
this,
80%
with
80%
With
80%
al-
76%
al-,
76%
cash
76%
Mix
76%
weed
76%
alright
72%
alright,
72%
oh,
72%
the
72%
y'all
72%
you,
72%
you
72%
and
68%
I'm
68%
I'ma
68%
don't
64%
Fuckin'
64%
He
64%
know
64%
maintain
64%
n***a
64%
she
64%
She
64%
to
64%
fallin'
60%
for
60%
on
60%
Steady
60%
tryin'
60%
bitch,
56%
bitch
56%
ET,
56%
me
56%
then
56%
AP
52%
A-S-A-P
52%
blood
52%
C-A-P-E
52%
Get
52%
is
52%
it
52%
may
52%
money
52%
say
52%
say,
52%
say?
52%
shawty
52%
shawty,
52%
things
52%
time
52%
What
52%
what
52%
Addy
48%
ain't
48%
baddie,
48%
better
48%
better,
48%
'bout
48%
Feelin'
48%
flyin'
48%
frame
48%
grapevine
48%
hate
48%
heard
48%
Heard
48%
how
48%
if
48%
like
48%
My
48%
my
48%
out
48%
said
48%
save
48%
still
48%
take
48%
than
48%
through
48%
worth
48%
brain
44%
can't
44%
fathom
44%
islands
44%
mean
44%
most
44%
perfect
44%
really
44%
sadder
44%
Same
44%
That's
44%
type
44%
Vis-a,
44%
What's
44%
wrist?
44%
at
40%
casual
40%
convo
40%
find
40%
it's
40%
lyin'
40%
balance,
36%
freedom,
36%
headed
36%
maybe
32%

Score Distribution

Percentile by Number Answered

Percent of People with Each Score

Your Score History

You have not taken this quiz